[Event "3rd Al Ain Chess Classic"]
[Site "Al-Ain UAE"]
[Date "2014.12.24"]
[Round "7.22"]
[White "Iordachescu, Viorel"]
[Black "Firouzja, Alireza"]
[Result "1/2-1/2"]
[WhiteTitle "GM"]
[WhiteElo "2611"]
[BlackElo "2332"]
[WhiteFideId "13900200"]
[BlackFideId "12573981"]
[EventDate "2014.12.19"]

1. e4 c5 2. Nf3 d6 3. Bb5+ Nc6 4. O-O Bd7 5. Re1 Nf6 6. c3 a6 7. Bf1 Bg4 8. h3
Bh5 9. g4 Bg6 10. d4 cxd4 11. cxd4 e5 12. Nc3 Be7 13. Nd5 O-O 14. Nxe7+ Qxe7 15.
d5 Nb8 16. Nh4 Nbd7 17. f3 Rfc8 18. Ng2 b5 19. Be3 Nc5 20. Rc1 Qb7 21. h4 h5 22.
g5 Nfd7 23. Qd2 Rc7 24. b4 Na4 25. Rxc7 Qxc7 26. Rc1 Qd8 27. Rc6 Ndb6 28. Qc1
Nc8 29. Bf2 Ne7 30. Rc7 Rc8 31. Rxc8 Qxc8 32. Qxc8+ Nxc8 33. Ne3 Ne7 34. Be1 Kf8
35. Kf2 Ke8 36. Ke2 Bh7 37. Kd2 f5 38. gxf6 gxf6 39. Bg3 Nb6 40. Bf2 Na4 41. Bh3
Bg6 42. Be6 Nb6 43. Kd3 Na4 44. Kc2 Nb6 45. Kb3 Kf8 46. Nf1 Nc4 47. Kc3 f5 48.
Ng3 f4 49. Ne2 Ke8 50. Kc2 Kd8 51. Nc3 Be8 52. Nd1 Kc7 53. Bh3 Kb7 54. Bf1 Nb6
55. Be1 Ng6 56. Kd2 Bd7 57. Nb2 Bc8 58. Bf2 Bd7 59. Kc3 Nf8 60. Nd3 Kc7 61. Nc1
Ng6 62. Nb3 Nf8 63. Na5 Ng6 64. Kd2 Nf8 65. Kc2 Ng6 66. Kc3 Nf8 67. Kd2 Ng6 68.
Nb3 Nf8 69. Bd3 Ng6 70. Na5 Nf8 71. Bc2 Ng6 72. Bb3 Ne7 73. Kd3 Be8 74. Bd1 Bd7
75. Kd2 Be8 76. Be2 Bd7 77. Nb3 Ng6 78. Bf1 Nf8 79. Kc2 Ng6 80. Kc3 Na4+ 81. Kc2
Nb6 82. Nd2 Nf8 83. Nb1 Ng6 84. Nc3 Kb7 85. Kd3 Kc7 86. Kd2 Kb7 87. Bd3 Nf8 88.
Be2 Ng6 89. Bf1 Nf8 90. Kc2 Ng6 91. Nd1 Nf8 92. Nb2 Ng6 93. Kd2 Nf8 94. Kc2 Ng6
95. Kc3 Nf8 96. Kd2 Ng6 97. Kc3 1/2-1/2

[Event "3rd Al Ain Chess Classic"]
[Site "Al-Ain UAE"]
[Date "2014.12.24"]
[Round "7.23"]
[White "Nakhbayeva, Guliskhan"]
[Black "Ter-Sahakyan, Samvel"]
[Result "0-1"]
[WhiteTitle "WGM"]
[BlackTitle "GM"]
[WhiteElo "2378"]
[BlackElo "2580"]
[WhiteFideId "13704788"]
[BlackFideId "13302531"]
[EventDate "2014.12.19"]

1. d4 d5 2. c4 c6 3. Nf3 Nf6 4. e3 e6 5. b3 c5 6. Bb2 cxd4 7. exd4 g6 8. Bd3 Bg7
9. O-O O-O 10. Nc3 Nc6 11. Re1 dxc4 12. Bxc4 a6 13. Qe2 b5 14. Bd3 Nb4 15. Bb1
Bb7 16. a4 bxa4 17. Nxa4 Bd5 18. Nc5 Qb6 19. Ne5 Rfd8 20. Bc1 Ne8 21. Be3 Nd6
22. g4 Nb5 23. Qd2 Nc6 24. f4 Ncxd4 25. Bxd4 Bc6 26. Qa5 Qxa5 27. Rxa5 Nxd4 28.
Nxc6 Nxc6 29. Rxa6 Rxa6 30. Nxa6 Rd2 31. Be4 Nd4 32. b4 Ne2+ 33. Kf2 Bd4+ 34.
Kf3 Ng1+ 0-1

[Event "3rd Al Ain Chess Classic"]
[Site "Al-Ain UAE"]
[Date "2014.12.24"]
[Round "7.24"]
[White "Baryshpolets, Andrey"]
[Black "Lodhi, Mahmood"]
[Result "0-1"]
[WhiteTitle "GM"]
[BlackTitle "IM"]
[WhiteElo "2566"]
[BlackElo "2328"]
[WhiteFideId "14117207"]
[BlackFideId "7800010"]
[EventDate "2014.12.19"]

1. e4 e5 2. Nf3 Nc6 3. Bb5 a6 4. Ba4 Nf6 5. O-O Be7 6. d3 d6 7. c3 O-O 8. Re1 b5
9. Bc2 Bb7 10. Nbd2 Re8 11. Nf1 h6 12. Ng3 Bf8 13. a4 Ne7 14. Nh4 d5 15. Qf3
dxe4 16. dxe4 Ng6 17. Nxg6 fxg6 18. Qe2 c6 19. Be3 Qc7 20. c4 b4 21. c5 a5 22.
Bb3+ Kh7 23. f3 Rad8 24. Nf1 Bc8 25. Nd2 g5 26. g4 Qa7 27. Rac1 Ba6 28. Qf2 Be7
29. Bc4 Bc8 30. Nb3 Nd7 31. Kg2 Bf6 32. Red1 Nf8 33. Rd6 Qc7 34. h4 Ne6 35. hxg5
Bxg5 36. Bxg5 Nxg5 37. Rcd1 Rf8 38. Rxd8 Rxd8 39. Rxd8 Qxd8 40. Qd2 Qf8 41. Qd3
Qf4 42. Qe2 h5 43. gxh5 Bh3+ 44. Kf2 Bg4 45. Nd2 Qh2+ 46. Ke3 Qf4+ 47. Kf2 Nh3+
48. Kf1 Bxh5 49. Bb3 Ng5 50. Kg2 Qh4 51. Qe3 Nh3 52. Bc4 Nf4+ 53. Kf1 Qh3+ 54.
Kf2 Be8 55. Bf1 Qh4+ 56. Kg1 Qg3+ 57. Kh1 Bh5 58. Qg1 Bxf3+ 59. Nxf3 Qxf3+ 60.
Kh2 Qh5+ 61. Kg3 Qg5+ 62. Kf2 Qxg1+ 63. Kxg1 Ne6 0-1

[Event "3rd Al Ain Chess Classic"]
[Site "Al-Ain UAE"]
[Date "2014.12.24"]
[Round "7.27"]
[White "Bajarani, Ulvi"]
[Black "Thakur, Akash"]
[Result "1/2-1/2"]
[WhiteTitle "GM"]
[BlackTitle "FM"]
[WhiteElo "2494"]
[BlackElo "2302"]
[WhiteFideId "13403028"]
[BlackFideId "5008514"]
[EventDate "2014.12.19"]

1. e4 e5 2. Nf3 Nc6 3. Bb5 a6 4. Ba4 Nf6 5. O-O Be7 6. Re1 b5 7. Bb3 d6 8. c3
O-O 9. d4 Bg4 10. Be3 exd4 11. cxd4 Na5 12. Bc2 c5 13. h3 Bxf3 14. Qxf3 Nc4 15.
Nc3 Nd7 16. Nd5 Bg5 17. Bxg5 Qxg5 18. e5 dxe5 19. Qf5 Qxf5 20. Bxf5 exd4 21.
Bxd7 Nxb2 22. Re4 d3 23. Rb1 d2 24. Ne3 Na4 25. Rxa4 bxa4 26. Bxa4 Rfd8 27. Rd1
Rd4 28. Bb3 a5 29. Kf1 a4 30. Bc4 g6 31. Ke2 Rad8 32. a3 Kg7 33. Ba2 f5 34. g3
Kf6 35. Bb1 c4 36. Bc2 c3 37. Rb1 f4 38. gxf4 Rxf4 39. Rb6+ Kg7 40. Rc6 Rdf8 41.
Nd1 Re8+ 42. Kf1 Re1+ 43. Kg2 Rf5 44. h4 Rb5 45. Nxc3 Rb3 46. Rc7+ Kh6 47. Bxb3
axb3 48. Rd7 Rc1 49. Rxd2 Rxc3 50. Rd4 1/2-1/2

[Event "3rd Al Ain Chess Classic"]
[Site "Al-Ain UAE"]
[Date "2014.12.24"]
[Round "7.28"]
[White "Nasri, Amin"]
[Black "Sagar, Shah"]
[Result "1-0"]
[WhiteElo "2275"]
[BlackElo "2468"]
[WhiteFideId "12501972"]
[BlackFideId "5022509"]
[EventDate "2014.12.19"]

1. d4 Nf6 2. c4 e6 3. Nc3 Bb4 4. Qc2 d5 5. cxd5 exd5 6. Bg5 c5 7. dxc5 h6 8. Bh4
O-O 9. e3 Be6 10. Nf3 Nbd7 11. a3 Bxc3+ 12. Qxc3 g5 13. Bg3 Ne4 14. Qd4 Ndxc5
15. Rd1 h5 16. b4 Na4 17. Nd2 Nec3 18. Ra1 Bf5 19. h4 g4 20. Bf4 Qb6 21. Qxb6
axb6 22. Be5 Rfc8 23. Bd4 Rc6 24. f3 g3 25. Be5 Rac8 26. Bxg3 Nb1 27. Nb3 Rc3
28. Nd4 Rc1+ 29. Kf2 Bg6 30. Bf4 Rd1 31. g4 hxg4 32. Bg2 Rd2+ 33. Kg3 Nac3 34.
fxg4 Be4 35. Rh2 Rd1 36. Bxe4 Nxe4+ 37. Kh3 Rcc1 38. g5 Nbd2 39. Rxc1 Rxc1 40.
Kg4 Nc4 41. h5 Rg1+ 42. Kf5 Rf1 43. Rh3 Kg7 44. Nb5 Nf2 45. Rf3 Nd2 46. Rg3 Nfe4
47. Rh3 Nf2 48. h6+ Kh7 49. Rg3 Nc4 50. Nc3 Nh1 51. Rh3 Nf2 52. Rf3 Nd2 53. Rg3
Nde4 54. Nxe4 dxe4 55. g6+ fxg6+ 56. Rxg6 Nd3 57. Rg7+ Kh8 58. Kxe4 Nxf4 59.
exf4 Re1+ 60. Kf5 Rh1 61. Rxb7 Rxh6 62. Kg5 Rd6 63. a4 Kg8 64. f5 1-0

[Event "3rd Al Ain Chess Classic"]
[Site "Al-Ain UAE"]
[Date "2014.12.24"]
[Round "7.29"]
[White "Das, Sayantan"]
[Black "Gasimov, Parviz"]
[Result "0-1"]
[WhiteTitle "IM"]
[BlackTitle "CM"]
[WhiteElo "2444"]
[BlackElo "2295"]
[WhiteFideId "5034426"]
[BlackFideId "13408798"]
[EventDate "2014.12.19"]

1. e4 c5 2. Nf3 Nc6 3. d4 cxd4 4. Nxd4 g6 5. c4 Bg7 6. Be3 Nf6 7. Nc3 O-O 8. Be2
d6 9. O-O Nxd4 10. Bxd4 Bd7 11. Qd2 Bc6 12. f3 a5 13. b3 Nd7 14. Bf2 Nc5 15.
Rab1 Qc7 16. Rfc1 Rfc8 17. Bd1 h5 18. Bc2 Kh7 19. Nd5 Qd8 20. Bh4 Bxd5 21. exd5
Bh6 22. f4 Qd7 23. Re1 e5 24. dxe6 Nxe6 25. Qf2 f5 26. Rbd1 Re8 27. g3 Bg7 28.
Rd5 Nc7 29. Rd3 Rxe1+ 30. Qxe1 Ne6 31. Qd2 Ra6 32. Rd5 Nc7 33. Rd3 b5 34. cxb5
Nxb5 35. Bd1 Qa7+ 36. Kf1 Rc6 37. h3 Nc3 38. Bf3 Ne4 39. Bxe4 fxe4 40. Rd5 Qc7
41. Qe2 Rc1+ 42. Rd1 d5 43. Rxc1 Qxc1+ 44. Qe1 Qc2 45. Qf2 Qd1+ 46. Qe1 Qf3+ 47.
Qf2 Qh1+ 48. Ke2 d4 49. f5 d3+ 50. Kd2 Qa1 51. fxg6+ Kxg6 52. Qb6+ Kh7 53. Qc7
Qb2+ 54. Ke3 Qd4+ 55. Kf4 e3+ 56. Kf3 e2 57. Qxa5 Qd7 58. Bg5 Qc6+ 59. Kf4 Qc1+
60. Kf5 e1=Q 61. Qd5 Qxg5+ 62. Kxg5 Qe5+ 0-1

[Event "3rd Al Ain Chess Classic"]
[Site "Al-Ain UAE"]
[Date "2014.12.24"]
[Round "7.30"]
[White "Hojjatova, Aydan"]
[Black "Hayrapetyan, Hovik"]
[Result "0-1"]
[WhiteTitle "WCM"]
[BlackTitle "GM"]
[WhiteElo "2217"]
[BlackElo "2441"]
[WhiteFideId "13401491"]
[BlackFideId "13302639"]
[EventDate "2014.12.19"]

1. e4 c5 2. Nf3 e6 3. d4 cxd4 4. Nxd4 a6 5. Nc3 Qc7 6. g3 Bb4 7. Nb3 Nf6 8. Bg2
Be7 9. O-O d6 10. Be3 Nc6 11. f4 b6 12. e5 dxe5 13. fxe5 Nd7 14. Bf4 Bb7 15. Qg4
g5 16. Bxg5 Rg8 17. h4 Ncxe5 18. Qh5 Bxg5 19. hxg5 Bxg2 20. Kxg2 Qb7+ 21. Kh2
O-O-O 22. Rae1 f5 23. Nd4 Ng4+ 24. Kh3 Nde5 25. Nxe6 Rd2 26. Re2 Rxe2 27. Nxe2
Ne3 28. Rg1 Nf3 29. Rc1 Nxg5+ 30. Nxg5 Qg2+ 31. Kh4 Qh2+ 0-1

[Event "3rd Al Ain Chess Classic"]
[Site "Al-Ain UAE"]
[Date "2014.12.24"]
[Round "7.31"]
[White "Pourramezanali, Amirreza"]
[Black "Puranik, Abhimanyu"]
[Result "1-0"]
[WhiteTitle "IM"]
[BlackTitle "CM"]
[WhiteElo "2427"]
[BlackElo "2255"]
[WhiteFideId "12511412"]
[BlackFideId "5061245"]
[EventDate "2014.12.19"]

1. e4 e5 2. Nf3 Nc6 3. Bc4 Nf6 4. d3 h6 5. O-O d6 6. a4 g6 7. a5 a6 8. Nc3 Bg7
9. h3 O-O 10. Be3 Be6 11. Bxe6 fxe6 12. d4 exd4 13. Nxd4 Nxd4 14. Bxd4 e5 15.
Be3 Kh7 16. Ra4 c6 17. Qd3 Qe7 18. Bb6 Nd7 19. Nd1 Nxb6 20. axb6 Qd8 21. Qb3 a5
22. Ne3 Ra6 23. Qa3 Qxb6 24. Qxd6 Qxb2 25. Qc7 b5 26. Rxa5 Rxa5 27. Qxa5 Qd4 28.
Rd1 Qxe4 29. Qc7 Qf4 30. Rd7 Qxf2+ 31. Kh1 Rg8 32. Ng4 Qf1+ 33. Kh2 Qf4+ 34. g3
Qg5 35. Qxc6 Kh8 36. Rf7 Rd8 37. Nf2 Rf8 38. Rxf8+ Bxf8 39. Qxb5 Bg7 40. Qe2 h5
41. h4 Qd8 42. Ne4 Bh6 43. Qa6 Qd1 44. Qa8+ Kg7 45. Qa7+ Kh8 46. Qf2 Qd4 47.
Qf6+ Kh7 48. Qf7+ Kh8 49. Qxg6 Qe3 50. Qe8+ Kh7 51. Nf6+ Kg7 52. Nxh5+ Kh7 53.
Nf6+ Kg7 54. Qe7+ 1-0

[Event "3rd Al Ain Chess Classic"]
[Site "Al-Ain UAE"]
[Date "2014.12.24"]
[Round "7.32"]
[White "Gagare, Shardul"]
[Black "Nandhidhaa, PV"]
[Result "1-0"]
[WhiteTitle "IM"]
[WhiteElo "2411"]
[BlackElo "2177"]
[WhiteFideId "5037883"]
[BlackFideId "5050847"]
[EventDate "2014.12.19"]

1. d4 Nf6 2. c4 e6 3. Nf3 d5 4. Nc3 Be7 5. Bf4 O-O 6. e3 dxc4 7. Bxc4 a6 8. O-O
b5 9. Bd3 Bb7 10. Qc2 Nbd7 11. Rfd1 Rc8 12. Ne5 h6 13. Ne4 Nd5 14. Nxd7 Qxd7 15.
Nc5 Bxc5 16. dxc5 Bc6 17. a3 Qe7 18. Bh7+ Kh8 19. Be4 Rcd8 20. Bg3 f5 21. Bf3 e5
22. e4 Nf4 23. exf5 Bxf3 24. gxf3 Qf6 25. Qe4 Rxd1+ 26. Rxd1 Rd8 27. Rxd8+ Qxd8
28. Bxf4 exf4 29. Qxf4 Kg8 30. Qg4 Qf6 31. b4 Kf7 32. Kg2 Ke7 33. Qe4+ Kd7 34.
Qd5+ Ke7 35. Qe4+ Kf7 36. f4 Qe7 37. Qxe7+ Kxe7 38. Kf3 Kf6 39. Ke4 c6 40. h3 h5
41. h4 Kf7 42. Ke5 Ke7 43. f3 1-0

[Event "3rd Al Ain Chess Classic"]
[Site "Al-Ain UAE"]
[Date "2014.12.24"]
[Round "7.33"]
[White "Petrosyan, Manuel"]
[Black "Abtini, Hasan"]
[Result "1-0"]
[WhiteTitle "FM"]
[WhiteElo "2407"]
[BlackElo "1987"]
[WhiteFideId "13300857"]
[BlackFideId "7601506"]
[EventDate "2014.12.19"]

1. d4 Nf6 2. c4 e6 3. Nc3 Bb4 4. Qc2 O-O 5. a3 Bxc3+ 6. Qxc3 b6 7. Bg5 Bb7 8. f3
d5 9. e3 Nbd7 10. cxd5 exd5 11. Bd3 h6 12. Bh4 Qe7 13. Ne2 c5 14. Bf2 a5 15. a4
Rfc8 16. Qd2 cxd4 17. exd4 Qb4 18. Qxb4 axb4 19. Kd2 Ba6 20. b3 Bxd3 21. Kxd3
Nb8 22. Rhc1 Nc6 23. Rab1 Kf8 24. g4 Ke8 25. Ng3 g6 26. Be3 Ng8 27. h4 Kd7 28.
Bd2 Rab8 29. h5 Re8 30. Re1 Rxe1 31. Rxe1 b5 32. axb5 Rxb5 33. Ra1 Rb8 34. Ra6
Rb5 35. Ra8 Nce7 36. Ra7+ Ke6 37. Ne2 Kf6 38. hxg6 fxg6 39. Ra4 h5 40. gxh5 gxh5
41. Rxb4 Rxb4 42. Bxb4 h4 43. Nf4 Kf5 44. Nh3 Ng6 45. Bd2 Nf6 46. b4 Nd7 47. b5
Nb6 48. Kc3 Nc4 49. Bg5 Ke6 50. Kb4 Kd6 51. Nf4 Nxf4 52. Bxf4+ Kd7 53. Kc5 h3
54. b6 Kc8 55. Kc6 Na5+ 56. Kb5 Nb7 57. Ka6 Nd8 58. Bh2 1-0

[Event "3rd Al Ain Chess Classic"]
[Site "Al-Ain UAE"]
[Date "2014.12.24"]
[Round "7.34"]
[White "Soozankar, A.M."]
[Black "Lazarev, Vladimir"]
[Result "1/2-1/2"]
[WhiteTitle "FM"]
[BlackTitle "GM"]
[WhiteElo "2183"]
[BlackElo "2387"]
[WhiteFideId "12503029"]
[BlackFideId "4113250"]
[EventDate "2014.12.19"]

1. d4 Nf6 2. Nc3 d5 3. Nf3 c6 4. Bf4 Qb6 5. Rb1 g6 6. e3 Bg4 7. Be2 Bxf3 8. Bxf3
Bg7 9. b4 Nbd7 10. O-O O-O 11. Na4 Qa6 12. Nc5 Nxc5 13. bxc5 b6 14. Be2 Qa5 15.
Bc7 Nd7 16. c4 Rfc8 17. cxb6 axb6 18. Bg3 Qxa2 19. cxd5 cxd5 20. Bb5 Nf6 21. Bd3
Rc6 22. Bb5 Rc3 23. Be2 Qa7 24. Bf3 e6 25. Qd2 Rac8 26. Rfc1 Rxc1+ 27. Rxc1 Qb7
28. Rxc8+ Qxc8 29. Qb2 Ne4 30. Be2 Nxg3 31. hxg3 Qc7 32. Qb5 Bf8 33. Bf1 h5 34.
Qe2 e5 35. dxe5 Qxe5 36. Qb5 Bc5 37. Qd7 Kg7 38. Kh2 d4 39. Bc4 Qf6 40. exd4
Bxd4 41. f3 Bc5 42. Kh3 Qa1 43. Qxf7+ Kh6 44. g4 Qh1+ 45. Kg3 h4+ 46. Kf4 Bd6+
47. Ke4 Qxg2 48. Qf6 Qc2+ 49. Kd5 Qd2+ 50. Kc6 Qf4 51. Qh8+ Kg5 52. Qd8+ Qf6 1/2-1/2

[Event "3rd Al Ain Chess Classic"]
[Site "Al-Ain UAE"]
[Date "2014.12.24"]
[Round "7.35"]
[White "Sokolov, Ivan"]
[Black "Raja, Harshit"]
[Result "1-0"]
[WhiteTitle "GM"]
[WhiteElo "2645"]
[BlackElo "2116"]
[WhiteFideId "14400030"]
[BlackFideId "5089000"]
[EventDate "2014.12.19"]

1. d4 d5 2. c4 c6 3. Nf3 Nf6 4. Nc3 e6 5. g3 Nbd7 6. Bg2 Be7 7. Qd3 c5 8. cxd5
exd5 9. O-O O-O 10. Rd1 b6 11. Ne5 Bb7 12. Be3 cxd4 13. Bxd4 Nc5 14. Bxc5 Bxc5
15. Nxd5 Bxd5 16. Bxd5 Nxd5 17. Qxd5 Qf6 18. Nd3 Rad8 19. Qb3 h6 20. e3 Bd6 21.
Rd2 Bb8 22. Rad1 Rd6 23. Nb4 Rxd2 24. Rxd2 Rc8 25. Nd5 Qd6 26. Kg2 Rc5 27. h4
Qc6 28. Qd3 Be5 29. Qe4 Bd6 30. h5 Bf8 31. Qd3 Qe6 32. e4 Rc1 33. Qf3 Rc4 34.
Nc3 Bb4 35. Rd8+ Kh7 36. Nd5 Rxe4 37. Nc7 Qc6 38. Qf5+ 1-0

[Event "3rd Al Ain Chess Classic"]
[Site "Al-Ain UAE"]
[Date "2014.12.24"]
[Round "7.36"]
[White "Tologontegin, Semetey"]
[Black "Pujari, Rucha"]
[Result "1-0"]
[WhiteTitle "FM"]
[BlackTitle "WFM"]
[WhiteElo "2391"]
[BlackElo "2109"]
[WhiteFideId "13800574"]
[BlackFideId "5024528"]
[EventDate "2014.12.19"]

1. g3 d5 2. Bg2 e5 3. d3 g6 4. c4 dxc4 5. Qa4+ c6 6. Qxc4 Be6 7. Qc2 Bg7 8. Nf3
h6 9. Nc3 Ne7 10. Ne4 b6 11. O-O f5 12. Nc3 O-O 13. a3 Nd7 14. b4 Rc8 15. Bb2 c5
16. Rac1 cxb4 17. axb4 b5 18. Qb1 Qb6 19. e3 a6 20. d4 e4 21. Nd2 Qd6 22. Ba3
Nd5 23. Nxd5 Bxd5 24. Nb3 Bc4 25. Rfe1 Qd5 26. Nc5 Nxc5 27. bxc5 a5 28. Rxc4
Qxc4 29. Bf1 Qa4 30. Bc1 b4 31. Bd2 Kh7 32. Bc4 Qd7 33. Qb3 Rb8 34. Ra1 Qc7 35.
Ra4 Rfd8 36. Qa2 f4 37. Rxa5 f3 38. h4 Qc8 39. Kh2 h5 40. Qb3 Qc7 41. Qa4 Kh6
42. Ra6 Rf8 43. Bxb4 Bf6 44. Ba5 Qc8 45. Qc2 Ra8 46. Rxa8 Qxa8 47. Bc7 g5 48. d5
Qe8 49. Bd6 Rg8 50. hxg5+ Bxg5 51. Bf1 h4 52. Bh3 hxg3+ 53. Bxg3 Bxe3 54. c6 Rg5
55. c7 Bxf2 56. Qxf2 Rh5 57. Qb6+ Kh7 58. Qe6 Qxe6 59. dxe6 Rc5 60. e7 e3 61.
e8=Q Rc2+ 62. Bf2 Rxf2+ 63. Kg3 1-0

[Event "3rd Al Ain Chess Classic"]
[Site "Al-Ain UAE"]
[Date "2014.12.24"]
[Round "7.37"]
[White "Safarov, Zirva"]
[Black "Soumya, Swaminathan"]
[Result "0-1"]
[BlackTitle "WGM"]
[WhiteElo "2104"]
[BlackElo "2330"]
[WhiteFideId "13413040"]
[BlackFideId "5016193"]
[EventDate "2014.12.19"]

1. c4 Nf6 2. Nf3 g6 3. Nc3 Bg7 4. e4 c5 5. Be2 Nc6 6. d3 d6 7. h3 O-O 8. O-O a6
9. Bg5 Rb8 10. a4 b6 11. Qd2 Re8 12. Rfe1 Bb7 13. Bf1 Nd7 14. Nd5 Nf8 15. Bh6
Ne6 16. Bxg7 Kxg7 17. b4 Ned4 18. Qb2 e5 19. Nd2 cxb4 20. f4 a5 21. fxe5 dxe5
22. Rec1 Qd6 23. Nxb6 Qc5 24. Kh1 Qxb6 25. c5 Qd8 26. Nc4 Re6 27. Nd6 Qh4 28.
Rd1 f5 29. Rd2 Ba6 30. Rf2 Rf6 31. Kh2 f4 32. Rc1 Rbf8 33. Re1 Qg3+ 34. Kg1 Nf3+
35. Rxf3 Qxe1 36. Nb5 Bxb5 37. axb5 Nd4 38. Rf2 f3 39. Qd2 Ne2+ 0-1

[Event "3rd Al Ain Chess Classic"]
[Site "Al-Ain UAE"]
[Date "2014.12.24"]
[Round "7.39"]
[White "Kursova, Maria"]
[Black "Mokal, Amruta Sunil"]
[Result "1-0"]
[WhiteTitle "WGM"]
[WhiteElo "2305"]
[BlackElo "2054"]
[WhiteFideId "4129709"]
[BlackFideId "5016371"]
[EventDate "2014.12.19"]

1. d4 Nf6 2. Nf3 e6 3. c4 Bb4+ 4. Nbd2 b6 5. a3 Bxd2+ 6. Qxd2 Bb7 7. e3 O-O 8.
Be2 d5 9. O-O dxc4 10. Bxc4 Nbd7 11. Qe2 c5 12. dxc5 Nxc5 13. Rd1 Qe7 14. Bd2
Nfe4 15. Be1 Nd6 16. Bc3 Rfd8 17. Ba2 Ba6 18. Qc2 Nde4 19. Bb4 Qf6 20. Rd4 Bd3
21. Qd1 e5 22. Rxd8+ Rxd8 23. Qe1 Ba6 24. Bxc5 Nxc5 25. Qc3 Nd3 26. e4 Rc8 27.
Qd2 h6 28. Bb3 Qg6 29. Bd5 Nf4 30. g3 Qh5 31. Ne1 Qg4 32. f3 Qh3 33. Qf2 Ne2+
34. Kh1 h5 35. Qg2 Qd7 36. Rd1 Qa4 37. b3 Qxa3 38. Qh3 Qe7 39. Qxh5 Rc1 40.
Bxf7+ Kf8 41. Rxc1 Nxc1 42. Bd5 Qf6 43. Qh8+ Ke7 44. Qb8 Nd3 45. Qxa7+ Kf8 46.
Qxa6 Nxe1 47. Qf1 Qxf3+ 48. Qxf3+ Nxf3 49. Kg2 Nd4 50. h4 Ke7 51. g4 Kf6 52. Kf2
Kg6 53. Bc4 Kf6 54. g5+ Kg6 55. Kg3 Nc2 56. Bb5 Nd4 57. Be8+ Kh7 58. Bf7 g6 59.
Kg4 Kg7 60. Bc4 Kh7 61. h5 gxh5+ 62. Kxh5 Kg7 63. g6 b5 64. Bf7 Ne2 65. Kg5 Nd4
66. Bd5 Nf3+ 67. Kf5 Nh4+ 68. Kxe5 Nxg6+ 69. Kd6 Kf6 70. b4 Ne5 71. Kc5 Ke7 72.
Kxb5 Kd6 73. Kb6 Nd3 74. b5 Nc5 75. Ka7 1-0

[Event "3rd Al Ain Chess Classic"]
[Site "Al-Ain UAE"]
[Date "2014.12.24"]
[Round "7.40"]
[White "Elmejbri, Ali A."]
[Black "Mirzoeva, Elmira"]
[Result "0-1"]
[WhiteTitle "FM"]
[BlackTitle "WGM"]
[WhiteElo "1954"]
[BlackElo "2246"]
[WhiteFideId "9200398"]
[BlackFideId "4127951"]
[EventDate "2014.12.19"]

1. e4 d5 2. exd5 Qxd5 3. Nc3 Qd6 4. d4 Nf6 5. Nf3 g6 6. Bd3 Bg7 7. h3 a6 8. Be3
Nbd7 9. Qd2 c5 10. O-O-O cxd4 11. Bxd4 O-O 12. Rhe1 Nc5 13. Bxc5 Qxc5 14. Re5
Qc7 15. Rde1 e6 16. Ne4 Nd5 17. Rg5 f5 18. Ng3 Bh6 19. Rxg6+ hxg6 20. Qxh6 Qf4+
21. Qxf4 Nxf4 22. Bc4 b5 23. Bb3 Nxg2 24. Bxe6+ Kg7 25. Re5 Bxe6 26. Rxe6 Nf4
27. Re7+ Kf6 28. Rh7 Rh8 29. Rc7 Rac8 30. Ra7 Rc6 31. h4 Nd3+ 32. Kd2 Nxb2 33.
Ne2 Nc4+ 34. Ke1 Nd6 35. Nf4 Nc8 36. Nd5+ Ke6 37. Nf4+ Kd6 38. Rg7 Re8+ 39. Kd2
Ne7 40. Nxg6 Nxg6 41. Rxg6+ Kc5 42. Rg5 Rd6+ 43. Kc3 Rd5 44. Rg6 a5 45. h5 Re2
46. h6 Rxf2 47. Rg3 b4+ 48. Kb2 Rd1 49. Rh3 Rff1 50. Kb3 Rh1 51. Rg3 Rb1+ 52.
Ka4 Ra1 53. Nd2 Rxa2+ 54. Kb3 Ra3+ 0-1

[Event "3rd Al Ain Chess Classic"]
[Site "Al-Ain UAE"]
[Date "2014.12.24"]
[Round "7.41"]
[White "Walid, Anwar"]
[Black "Andrenko, Irina"]
[Result "0-1"]
[BlackTitle "WIM"]
[WhiteElo "1919"]
[BlackElo "2202"]
[WhiteFideId "9302271"]
[BlackFideId "14118270"]
[EventDate "2014.12.19"]

1. d4 Nf6 2. Bg5 e6 3. e4 h6 4. Bxf6 Qxf6 5. Nc3 d6 6. Qd2 g6 7. O-O-O Bg7 8. f4
a6 9. Nf3 Nd7 10. e5 Qe7 11. g4 h5 12. Rg1 hxg4 13. Rxg4 d5 14. Kb1 Nb6 15. Rg3
Bd7 16. Be2 O-O-O 17. Rh1 Rh6 18. Nd1 Kb8 19. Ne3 Rc8 20. h4 c5 21. h5 Bf8 22.
Ne1 gxh5 23. Bxh5 cxd4 24. Qxd4 Nc4 25. c3 Nxe3 26. Qxe3 f6 27. Rg6 Qh7 0-1

[Event "3rd Al Ain Chess Classic"]
[Site "Al-Ain UAE"]
[Date "2014.12.24"]
[Round "7.42"]
[White "Ahmadzada, Ahmad"]
[Black "Berezina, Irina"]
[Result "1/2-1/2"]
[WhiteTitle "CM"]
[BlackTitle "IM"]
[WhiteElo "1912"]
[BlackElo "2200"]
[WhiteFideId "13413007"]
[BlackFideId "3201937"]
[EventDate "2014.12.19"]

1. e4 g6 2. d4 c6 3. Nc3 Bg7 4. f4 d5 5. e5 Nh6 6. Nf3 f6 7. Bd3 Bg4 8. O-O O-O
9. h3 Bxf3 10. Rxf3 Qb6 11. Ne2 fxe5 12. fxe5 Nd7 13. Kh1 c5 14. Rxf8+ Rxf8 15.
c3 cxd4 16. cxd4 Nf5 17. Bxf5 Rxf5 18. Bd2 Nb8 19. Bc3 Bh6 20. Qd3 Nc6 21. Ng3
Rf8 22. Rf1 Rxf1+ 23. Nxf1 Nd8 24. Ne3 Bxe3 25. Qxe3 Qa6 26. Qg5 Qe6 27. g4 Nc6
28. Kg2 Qf7 29. Qe3 Qe6 30. Qe2 a6 31. a4 Nd8 32. Bb4 Kf7 33. Ba5 Nc6 34. Bc3
Kg7 35. Kg3 Nd8 36. Bb4 Nc6 37. Bc3 Nd8 38. Bb4 Nc6 39. Bc3 Nd8 1/2-1/2

[Event "3rd Al Ain Chess Classic"]
[Site "Al-Ain UAE"]
[Date "2014.12.24"]
[Round "7.43"]
[White "Soyunlu, Narmin"]
[Black "Derakhshani, Dorsa"]
[Result "1/2-1/2"]
[BlackTitle "WFM"]
[WhiteElo "1878"]
[BlackElo "2188"]
[WhiteFideId "13400843"]
[BlackFideId "12500330"]
[EventDate "2014.12.19"]

1. Nf3 Nf6 2. g3 d5 3. c4 e6 4. Bg2 dxc4 5. Qa4+ Nbd7 6. Qxc4 a6 7. Qc2 c5 8.
O-O b5 9. a4 Bb7 10. axb5 axb5 11. Rxa8 Qxa8 12. d3 Bd6 13. Qb3 O-O 14. Ne1 Bd5
15. Qc2 Bxg2 16. Nxg2 Nd5 17. Nc3 Rb8 18. Ne4 Be7 19. Bd2 Rb6 20. Rc1 h6 21. Ne3
Qa2 22. Kg2 Qa8 23. Kg1 f5 24. Nc3 Nb4 25. Qb3 Kh7 26. Nxb5 Rxb5 27. Qxe6 Qd8
28. Nxf5 Bf8 29. Ra1 Rb6 30. Qe4 Nf6 31. Qh4 Qc8 32. Ne3 Ra6 33. Rc1 Qe6 34. Qf4
Nbd5 35. Qb8 Bd6 36. Qb7 Rb6 37. Qa7 Qh3 38. Nxd5 Nxd5 39. Qf7 Nf6 40. Bc3 Qf5
41. Ra1 Qd5 42. Qa7 Rb7 43. Qa6 Rd7 44. Qa4 Be5 45. Qa5 Bxc3 46. Qxc3 Qh5 47.
Qc2 Ng4 48. d4+ g6 49. h4 Qd5 50. Qxc5 Qxd4 51. Qxd4 Rxd4 52. Ra7+ Kg8 53. Rb7
Ne5 54. b4 Rd1+ 55. Kg2 Re1 56. e3 Re2 57. Kf1 Rb2 58. Rb6 Kf7 59. b5 Ng4 60.
Rb7+ Kf6 61. b6 Nxf2 62. Rb8 Ng4 63. b7 Nxe3+ 64. Ke1 Kg7 65. Re8 Nc2+ 66. Kd1
Rxb7 67. Kxc2 Rd7 68. Re6 Kf7 69. Rc6 Rd4 70. Rb6 Rg4 71. Rb3 Ke6 72. Kd2 Re4
73. Re3 Kf5 74. Rxe4 Kxe4 75. Ke2 g5 76. hxg5 hxg5 77. g4 Kf4 78. Kf2 Kxg4 79.
Kg2 Kf4 80. Kf2 g4 81. Kg2 g3 82. Kg1 Kg5 83. Kg2 Kg4 84. Kg1 1/2-1/2

[Event "3rd Al Ain Chess Classic"]
[Site "Al-Ain UAE"]
[Date "2014.12.24"]
[Round "7.44"]
[White "Feldman, Vladimir"]
[Black "Ahmad, Alzarovni"]
[Result "1-0"]
[WhiteTitle "IM"]
[WhiteElo "2168"]
[BlackElo "1721"]
[WhiteFideId "3201791"]
[BlackFideId "9302301"]
[EventDate "2014.12.19"]

1. d4 d5 2. Nf3 Nf6 3. c4 c6 4. Nbd2 Bf5 5. g3 h6 6. Bg2 e6 7. O-O Nbd7 8. b3
Be7 9. Bb2 O-O 10. Re1 a5 11. a3 Qb6 12. c5 Qc7 13. b4 axb4 14. axb4 b6 15. Bc3
bxc5 16. bxc5 Ne4 17. Nxe4 Bxe4 18. Bh3 Bf6 19. Nd2 Nxc5 20. Bb4 Rxa1 21. Qxa1
Qb6 22. Bxc5 Qxc5 23. dxc5 Bxa1 24. Rxa1 1-0